Impact or push-off lameness presentation is not altered by the type of track surface where horses are trotted (Registro n. 329365)
[ somente texto ]
| 000 -LÍDER | |
|---|---|
| fixed length control field | 04968nab a2200337 i 4500 |
| 003 - CÓDIGO MARC DA AGÊNCIA CATALOGADORA | |
| Campo de controle | BR-BrBNA |
| 005 - DATA E HORA DA ÚLTIMA ATUALIZAÇÃO | |
| Campo de controle | 20241219150914.0 |
| 008 - CAMPO DE TAMANHO FIXO | |
| fixed length control field | 241219b2015 bl.|r|pooa||| 00| 0 eng | |
| 040 ## - FONTE DA CATALOGAÇÃO | |
| Agência catalogadora | BR-BrBNA |
| Idioma da catalogação | eng |
| 072 ## - CATEGORIA AGRIS | |
| Código AGRIS | L74 |
| Código do objeto | 5120 |
| 100 ## - ENTRADA PRINCIPAL - NOME PESSOAL | |
| Nome pessoal | Azevedo, M.S. |
| 100 ## - ENTRADA PRINCIPAL - NOME PESSOAL | |
| Nome pessoal | Côrte, F.D.D.L. |
| 100 ## - ENTRADA PRINCIPAL - NOME PESSOAL | |
| Nome pessoal | Brass, K.E. |
| 100 ## - ENTRADA PRINCIPAL - NOME PESSOAL | |
| Nome pessoal | Gallio, M. |
| 100 ## - ENTRADA PRINCIPAL - NOME PESSOAL | |
| Nome pessoal | Dau, S.L. |
| 100 ## - ENTRADA PRINCIPAL - NOME PESSOAL | |
| Nome pessoal | Pozzobon, R. |
| 100 ## - ENTRADA PRINCIPAL - NOME PESSOAL | |
| Nome pessoal | Lopes, M.A.F. |
| 100 ## - ENTRADA PRINCIPAL - NOME PESSOAL | |
| Nome pessoal | Lopes, L.F.D. |
| 245 ## - TÍTULO PRINCIPAL | |
| Título principal | Impact or push-off lameness presentation is not altered by the type of track surface where horses are trotted |
| 500 ## - NOTA GERAL | |
| Nota geral | Publicação online; 24 ref.; 4 illus.; Summaries (En, Pt) |
| 942 ## - ADDED ENTRY ELEMENTS (KOHA) | |
| Koha item type | Analítica |
| 520 ## - NOTA DE RESUMO | |
| Nota de conteúdo | <br/><br/><br/>ABSTRACT - This study aimed to evaluate the influence of the track surface on which horses are examined, regarding the phase of lameness presentation. Ten horses with lameness in at least one limb were evaluated with wireless inertial sensors on three track surfaces (concrete, loose sand and grass). Six crossover track sequences were established. The variables vector sum, maximum and minimum height of the head and pelvis, variation coefficient of the maximum and minimum height of the head and pelvis were analyzed using ANOVA, followed by Tukey test to compare means between track surface and sequence, at 5% significance level. The lameness phase (impact or pushoff) was analyzed considering the proportion of affected animals. There were no differences on vector sum, maximum and minimum height or variation coefficient of head and pelvis. Difference was observed on the number of strides registered on sand compared to grass and concrete (p <0.0001) for fore and hindlimbs. Impact lameness on forelimbs was presented by a larger number of animals on the concrete surface; pushoff lameness was more evident on the grass surface. In the hindlimbs, impact lameness was more evident on the grass surface, while pushoff lameness was in greater number of animals on concrete surfaces. The track sequence on which horses were trotted during evaluation does not seem to be a factor, but the number of lame horses and the phase of lameness manifestation can vary between track surfaces, as some horses showed impact lameness on soft ground and elevation lameness on hard ground.<br/><br/><br/>Keywords: horse, impact lameness, lameness locator, objective evaluation, push-off lameness |
| 520 ## - NOTA DE RESUMO | |
| Nota de conteúdo | <br/><br/><br/>RESUMO - Este estudo teve como objetivo avaliar a influência do tipo de superfície em que os cavalos são examinados em relação à fase de apresentação da claudicação. Dez cavalos com claudicação em pelo menos um dos membros foram avaliados com sensores inerciais sem fio em três tipos de superfície (concreto, areia e grama). Seis sequências de cruzamento de tipo de superfície foram estabelecidas. As variáveis soma vetorial, altura máxima e mínima da cabeça e da pélvis, o coeficiente de variação da altura máxima e mínima da cabeça e da pélvis foram analisadas utilizando uma Análise de Variância, seguida do teste de Tukey para comparação das médias entre tipos de superfície e sequências, a um nível de significância de 5%. A fase da claudicação (impacto ou elevação) foi analisada considerando a proporção de animais afetados. Não houve diferença na soma vetorial, altura máxima ou mínima e coeficiente de variação da altura máxima e mínima da cabeça e pélvis. Foi observada diferença no número de passos registrados na areia em comparação com grama e concreto (p <0,0001) para membros torácicos e pélvicos. Claudicação de impacto nos membros torácicos foi apresentada em um número maior de animais na superfície de concreto, já claudicação de elevação foi mais evidente na superfície de grama. Em membros pélvicos, a claudicação de impacto foi mais evidente na superfície de grama, enquanto claudicação de elevação esteve em maior número de animais na superfície de concreto. A sequência de superfícies em que os cavalos foram troteados durante a avaliação não foi um fator importante na manifestação da claudicação, mas o número de cavalos claudicantes e a fase de manifestação da claudicação podem variar entre as superfícies, visto que alguns cavalos mostraram claudicação de impacto em solo macio e claudicação de elevação em solo duro.<br/><br/><br/>Palavras-chave: cavalo, claudicação de impacto, lameness locator, avaliação objetiva, claudicação de elevação |
| 650 ## - ASSUNTO - THESAGRO | |
| Cabeçalho tópico ou nome geográfico | CAVALO |
| 650 ## - ASSUNTO - THESAGRO | |
| Cabeçalho tópico ou nome geográfico | CLAUDICAÇÃO |
| 650 ## - ASSUNTO - THESAGRO | |
| Cabeçalho tópico ou nome geográfico | DISTÚRBIO FISIOLÓGICO |
| 650 ## - ASSUNTO - THESAGRO | |
| Cabeçalho tópico ou nome geográfico | VETERINÁRIA |
| 773 0# - ENTRADA ANALÍTICA | |
| Host Biblionumber | 1643 |
| Registro do item | 315898 |
| Imprenta | Belo Horizonte-MG Universidade Federal de Minas Gerais - Escola de Veterinaria 1983 |
| Outro identificador | 2024-2263 |
| Título | Arquivo Brasileiro de Medicina Veterinária e Zootecnia (Brazil) |
| ISSN | 0102-0935 |
| Colação | v. 67(6) p. 1475-1482; (2015) |
| Número de controle de registro | BR2024004021 |
| 856 ## - ACESSO E ENDEREÇO ELETRÔNICO | |
| Identificador uniforme de recurso - URI | https://www.scielo.br/j/abmvz/a/43MNwhgQzZMgLpbdhFty5Yw/?format=pdf&lang=en |
Nenhum exemplar disponível.

BINAGRI